Szállásadóm: Orbán Balázs

Elmentve itt :
Bibliográfiai részletek
Szerző: SZABÓ Gyula
Adatforrás:Meister
Forrásdokumentuma:Helikon. -
15 ; 16 sz., 1990, 7-8 ; 1-3 p.
Nyelv:magyar
Kulcsszavak:művelődéstörténeti esszé
intézménytörténet
iskolatörténet
iskolák
oktatási intézmények
Székelykeresztúr
ORBÁN Balázs
Orbán Balázs Unitárius Gimnázium (Székelykeresztúr)
LEADER 00619nab a2200205 i 4500
001 bibPRO00008705
008 060524s1990 xx hun
040 |a Sz1 
041 |a hun 
100 1 |a SZABÓ Gyula 
245 1 0 |a Szállásadóm: Orbán Balázs  |c SZABÓ Gyula 
695 |a művelődéstörténeti esszé 
695 |a intézménytörténet 
695 |a iskolatörténet 
695 |a iskolák 
695 |a oktatási intézmények 
695 |a Székelykeresztúr 
695 |a ORBÁN Balázs 
695 |a Orbán Balázs Unitárius Gimnázium (Székelykeresztúr) 
773 0 |t Helikon. -  |g 15 ; 16 sz., 1990, 7-8 ; 1-3 p.